[Event "Oviedo op"]
[Site "Oviedo"]
[Date "2007.07.26"]
[Round "6"]
[White "Cuevas Fernandez, Jose Alberto"]
[Black "Hisleur, Gaelle"]
[Result "1-0"]
[WhiteElo "1898"]
[BlackElo "1935"]
[PlyCount "63"]
[EventDate "2007.07.21"]
[EventType "swiss"]
[EventRounds "9"]
[EventCountry "ESP"]
[SourceTitle "EXT 2008"]
[Source "ChessBase"]
[SourceDate "2007.11.25"]
[SourceVersion "1"]
[SourceVersionDate "2007.11.25"]
[SourceQuality "1"]

1. d4 e6 2. Nf3 Nf6 3. e3 b6 4. c4 Bb7 5. Nc3 Bb4 6. a3 Bxc3+ 7. bxc3 0-0 8. a4 d6 9. Be2 Nbd7 10. 0-0 Ne4 11. Qc2 f5 12. Ne1 Qh4 13. Bf3 Rf6 14. g3 Qh6 15. Bg2 Qh5 16. Bf3 Qf7 17. Bxe4 Bxe4 18. Qe2 Rf8 19. f3 Bb7 20. a5 bxa5 21. Rxa5 a6 22. Nd3 Ra8 23. Ba3 Nb6 24. c5 Nc4 25. Ra4 e5 26. cxd6 Bc6 27. Nxe5 Nxe5 28. dxe5 Bxa4 29. exf6 Bb5 30. Qd2 Bxf1 31. d7 Qxf6 32. Qd5+ 1-0

[Event "Oviedo op"]
[Site "Oviedo"]
[Date "2007.07.23"]
[Round "3"]
[White "Fernandez Fernandez, Aixa"]
[Black "Hisleur, Gaelle"]
[Result "0-1"]
[WhiteElo "2541"]
[BlackElo "1935"]
[PlyCount "30"]
[EventDate "2007.07.21"]
[EventType "swiss"]
[EventRounds "9"]
[EventCountry "ESP"]
[SourceTitle "EXT 2008"]
[Source "ChessBase"]
[SourceDate "2007.11.25"]
[SourceVersion "1"]
[SourceVersionDate "2007.11.25"]
[SourceQuality "1"]

1. e4 d5 2. exd5 Qxd5 3. Nc3 Qa5 4. Nf3 Nf6 5. Bc4 Bf5 6. d3 c6 7. Ng5 e6 8. Be3 Nbd7 9. 0-0 h6 10. Nf3 Bg4 11. Qe2 Ne5 12. Kh1 Bd6 13. Rad1 Nxf3 14. gxf3 Qh5 15. Rg1 Qxh2# 0-1

[Event "FRA-chT1B 0607"]
[Site "France"]
[Date "2007.03.10"]
[Round "10.8"]
[White "Hisleur, Gaelle"]
[Black "Mallet, Celine"]
[Result "1-0"]
[WhiteElo "1938"]
[BlackElo "2028"]
[PlyCount "53"]
[EventDate "2006.10.15"]
[EventType "team"]
[EventRounds "11"]
[EventCountry "FRA"]
[SourceTitle "EXT 2008"]
[Source "ChessBase"]
[SourceDate "2007.11.25"]
[SourceVersion "1"]
[SourceVersionDate "2007.11.25"]
[SourceQuality "1"]
[WhiteTeam "Besancon TPG"]
[BlackTeam "Hyeres"]
[WhiteTeamCountry "FRA"]
[BlackTeamCountry "FRA"]

1. e4 c5 2. Nc3 Nc6 3. g3 g6 4. Bg2 Bg7 5. d3 e6 6. Be3 d6 7. Qd2 Rb8 8. Nf3 Nge7 9. Bh6 0-0 10. h4 d5 11. h5 dxe4 12. hxg6 fxg6 13. Nxe4 Nd4 14. Bxg7 Nxf3+ 15. Bxf3 Kxg7 16. Qh6+ Kf7 17. Qf4+ Ke8 18. Nf6+ Rxf6 19. Qxf6 h5 20. 0-0-0 Qa5 21. Kb1 b5 22. Qe5 Qb6 23. g4 a5 24. gxh5 gxh5 25. Bxh5+ Kd7 26. Bg4 Ra8 27. Rde1 1-0

[Event "Besancon op"]
[Site "Besancon"]
[Date "2005.12.29"]
[Round "6"]
[White "Lograda, Alexis"]
[Black "Hisleur, Gaelle"]
[Result "1/2-1/2"]
[WhiteElo "1940"]
[BlackElo "1956"]
[PlyCount "41"]
[EventDate "2005.12.27"]
[EventType "swiss"]
[EventRounds "7"]
[EventCountry "FRA"]
[SourceTitle "CBM 110 Extra"]
[Source "ChessBase"]
[SourceDate "2006.03.10"]
[SourceVersion "2"]
[SourceVersionDate "2006.03.10"]
[SourceQuality "1"]

1. e4 e6 2. d4 d5 3. Nd2 c5 4. Ngf3 Nf6 5. exd5 Qxd5 6. Bc4 Qd6 7. dxc5 Qxc5 8. 0-0 Bd6 9. Qe2 0-0 10. Nb3 Qc7 11. Bg5 Nbd7 12. Rfe1 Ng4 13. h3 Nge5 14. Nxe5 Nxe5 15. Bd3 Bd7 16. Rad1 Bc6 17. Be4 Bxe4 18. Qxe4 Ng6 19. Nd4 Bf4 20. Bxf4 Qxf4 21. Qxf4 1/2-1/2

[Event "FRA-chT2b 0304"]
[Site "France"]
[Date "2004.03.14"]
[Round "9"]
[White "Hisleur, Gaelle"]
[Black "Boggio, Jean"]
[Result "1-0"]
[WhiteElo "1870"]
[BlackElo "1750"]
[PlyCount "81"]
[EventDate "2003.10.??"]
[EventType "team"]
[EventRounds "11"]
[EventCountry "FRA"]
[SourceTitle "EXT 2005"]
[Source "ChessBase"]
[SourceDate "2004.11.15"]
[SourceVersion "1"]
[SourceVersionDate "2004.11.15"]
[SourceQuality "1"]

1. e4 c5 2. Nc3 Nc6 3. g3 g6 4. Bg2 Bg7 5. d3 d6 6. f4 e6 7. Nf3 Nge7 8. 0-0 0-0 9. Ne2 Rb8 10. c3 f5 11. Be3 fxe4 12. dxe4 b5 13. Qd2 Na5 14. Qc2 Qc7 15. Rad1 Bd7 16. Bf2 Nb7 17. Qd2 Nc8 18. g4 Re8 19. Ng3 Bc6 20. f5 e5 21. Nh4 Qe7 22. g5 gxf5 23. exf5 Bxg2 24. Kxg2 Bf8 25. Nh5 Rd8 26. Nf6+ Kh8 27. Qd5 Bg7 28. Ne4 Rg8 29. Bg3 Qe8 30. f6 Nb6 31. Qd2 Qc6 32. Rde1 Nc4 33. fxg7+ Rxg7 34. Qc1 d5 35. Nf6 d4+ 36. Kg1 Ne3 37. Rxe3 dxe3 38. Qxe3 Re7 39. Bxe5 Qe6 40. Ng4+ Kg8 41. Nh6+ 1-0

[Event "FRA-chT2 0304"]
[Site "France"]
[Date "2004.02.01"]
[Round "7"]
[White "Hisleur, Gaelle"]
[Black "Wolfangel, Florence"]
[Result "1-0"]
[WhiteElo "1870"]
[BlackElo "1945"]
[PlyCount "83"]
[EventDate "2003.10.??"]
[EventType "team"]
[EventRounds "11"]
[EventCountry "FRA"]
[SourceTitle "EXT 2005"]
[Source "ChessBase"]
[SourceDate "2004.11.15"]
[SourceVersion "1"]
[SourceVersionDate "2004.11.15"]
[SourceQuality "1"]

1. e4 e6 2. d4 d5 3. Nc3 Bb4 4. e5 c5 5. a3 Bxc3+ 6. bxc3 Ne7 7. Qg4 0-0 8. Bd3 f5 9. Qg3 Qa5 10. Bd2 c4 11. Be2 Qa4 12. Bd1 Nbc6 13. h4 Qa5 14. h5 f4 15. Qg4 Bd7 16. Ne2 Qb5 17. Bc1 Qa5 18. Rh3 Nf5 19. Kf1 b5 20. Bxf4 Qa6 21. h6 g6 22. Bg5 Be8 23. Bf6 Bf7 24. Rh5 Nce7 25. Qg5 Rfe8 26. g4 Qb7 27. gxf5 exf5 28. Nf4 Qd7 29. Rh3 a5 30. Nh5 Ra7 31. Rg3 f4 32. Qxf4 Nf5 33. Rg1 b4 34. Bg4 Be6 35. Bxf5 Bxf5 36. Bg7 Bh3+ 37. Ke1 gxh5 38. Bf6+ Bg4 39. f3 Ra6 40. fxg4 h4 41. Qg5+ Kf8 42. Rf1 1-0

[Event "Pierrevert op"]
[Site "Pierrevert"]
[Date "2004.??.??"]
[Round "?"]
[White "Hisleur, Gaelle"]
[Black "Druon, Roger"]
[Result "1/2-1/2"]
[WhiteElo "1870"]
[BlackElo "2177"]
[PlyCount "85"]
[EventDate "2004.??.??"]
[EventType "swiss (rapid)"]
[EventRounds "9"]
[EventCountry "FRA"]
[SourceTitle "EXT 2005"]
[Source "ChessBase"]
[SourceDate "2004.11.15"]
[SourceVersion "1"]
[SourceVersionDate "2004.11.15"]
[SourceQuality "1"]

1. e4 c5 2. Nc3 e6 3. g3 Nc6 4. Bg2 a6 5. d3 g6 6. Be3 d6 7. Qd2 Bg7 8. Nf3 Nd4 9. 0-0 Ne7 10. Bh6 Nxf3+ 11. Bxf3 0-0 12. Bxg7 Kxg7 13. Ne2 Nc6 14. c3 e5 15. Bg2 f5 16. Rad1 Be6 17. b3 d5 18. f4 d4 19. fxe5 Qc7 20. cxd4 cxd4 21. Nf4 Rae8 22. Rfe1 Nxe5 23. Qb2 Qb6 24. Kh1 Ng4 25. h3 Ne5 26. Ne2 Nc6 27. Nf4 Qb4 28. Rd2 Bf7 29. Rde2 Qc3 30. Qxc3 dxc3 31. Rc2 g5 32. Ne2 Bg6 33. Nxc3 Nd4 34. Rcc1 fxe4 35. dxe4 Rf2 36. Red1 Nc6 37. Kg1 Rf7 38. Rd5 Ne5 39. Rcd1 Rc7 40. Na4 Rc2 41. R5d2 Rc7 42. Nb6 Rf7 43. Rf2 1/2-1/2

[Event "FRA-chT Poule Basse"]
[Site "France"]
[Date "2003.05.10"]
[Round "11.9"]
[White "Pilotelle, Barbara"]
[Black "Hisleur, Gaelle"]
[Result "0-1"]
[WhiteElo "2022"]
[BlackElo "1810"]
[PlyCount "48"]
[EventDate "2003.05.07"]
[EventType "team-tourn"]
[EventRounds "4"]
[EventCountry "FRA"]
[SourceTitle "CBM 095"]
[Source "ChessBase"]
[SourceDate "2003.07.25"]
[SourceVersion "1"]
[SourceVersionDate "2003.07.25"]
[SourceQuality "1"]
[WhiteTeam "Besancon"]
[BlackTeam "Noyon"]
[WhiteTeamCountry "FRA"]
[BlackTeamCountry "FRA"]

1. e4 e6 2. d4 d5 3. Nc3 Nf6 4. e5 Nfd7 5. f4 c5 6. Nf3 Nc6 7. Be3 Qb6 8. Na4 Qa5+ 9. c3 Nxd4 10. Nxd4 cxd4 11. Bxd4 b5 12. b4 Qxa4 13. Qf3 a5 14. bxa5 Qxa5 15. Bd3 Bc5 16. 0-0 Qxc3 17. Bxc5 Qxc5+ 18. Kh1 0-0 19. Bxh7+ Kxh7 20. Qh5+ Kg8 21. Rf3 Ra3 22. Rg1 Rc3 23. Rh3 Rxh3 24. gxh3 f6 0-1

[Event "FRA-chT2"]
[Site "France"]
[Date "2002.03.23"]
[Round "10"]
[White "Guichard, Pauline"]
[Black "Hisleur, Gaelle"]
[Result "1/2-1/2"]
[WhiteElo "1850"]
[BlackElo "1880"]
[PlyCount "55"]
[EventDate "2002.??.??"]
[EventType "team"]
[EventRounds "11"]
[EventCountry "FRA"]
[SourceTitle "EXT 2003"]
[Source "ChessBase"]
[SourceDate "2002.11.25"]
[SourceVersion "1"]
[SourceVersionDate "2002.11.25"]
[SourceQuality "1"]

1. d4 Nf6 2. c4 g6 3. Nc3 d5 4. Bg5 c6 5. e3 Bg7 6. Nf3 0-0 7. Bd3 Bg4 8. h3 dxc4 9. Bxf6 exf6 10. hxg4 cxd3 11. Qxd3 Re8 12. 0-0-0 Nd7 13. Rh3 Nf8 14. e4 Qa5 15. Nd2 Ne6 16. g3 Rad8 17. Nb3 Qg5+ 18. f4 Nxf4 19. gxf4 Qxf4+ 20. Kb1 Qxg4 21. Qg3 Rxe4 22. Nxe4 Qxd1+ 23. Nc1 Qxd4 24. Nc3 f5 25. N1e2 Qe5 26. Qh4 Qf6 27. Qxh7+ Kf8 28. Rf3 1/2-1/2

[Event "FRA-chT2"]
[Site "France"]
[Date "2002.03.10"]
[Round "9"]
[White "Hisleur, Gaelle"]
[Black "Imbert, Christophe"]
[Result "0-1"]
[WhiteElo "1880"]
[BlackElo "2113"]
[PlyCount "118"]
[EventDate "2002.??.??"]
[EventType "team"]
[EventRounds "11"]
[EventCountry "FRA"]
[SourceTitle "EXT 2003"]
[Source "ChessBase"]
[SourceDate "2002.11.25"]
[SourceVersion "1"]
[SourceVersionDate "2002.11.25"]
[SourceQuality "1"]

1. e4 c5 2. Nc3 Nc6 3. g3 g6 4. Bg2 Bg7 5. d3 d6 6. Be3 e6 7. Qd2 Bd7 8. Nge2 Nd4 9. 0-0 Ne7 10. f4 f5 11. Nd1 0-0 12. c3 Nxe2+ 13. Qxe2 Qc7 14. Nf2 Rfe8 15. Rac1 Bb5 16. Qc2 Kh8 17. Rfd1 Rad8 18. Qb3 Bc6 19. d4 fxe4 20. Nxe4 Nf5 21. Bf2 b6 22. dxc5 bxc5 23. Rd2 Bd5 24. Qc2 Rb8 25. b3 a5 26. Rcd1 Rb6 27. g4 Nh6 28. h3 Bxe4 29. Bxe4 d5 30. Bg2 Qxf4 31. Bxc5 Rc6 32. Rf1 Qc7 33. b4 Nf7 34. Rdf2 Ne5 35. Bd4 axb4 36. Bxe5 Bxe5 37. Rf7 Qb8 38. Qd2 Bg7 39. cxb4 Rc7 40. Qf4 Qa7+ 41. Kh1 Rxf7 42. Qxf7 Re7 43. Qf4 e5 44. Qc1 Rc7 45. Qg5 Qa8 46. Rd1 Rd7 47. Qd2 Qa3 48. Qc2 Qa6 49. Bxd5 Bh6 50. a4 Rxd5 51. Re1 Bf4 52. b5 Qa5 53. Re2 Qd8 54. Kg2 Rd3 55. Qc5 Rg3+ 56. Kf1 Qd1+ 57. Re1 Qd3+ 58. Re2 Rf3+ 59. Kg1 Qd1+ 0-1

[Event "FRA-chT1"]
[Site "France"]
[Date "2002.??.??"]
[Round "8.9"]
[White "Gras, Delphine"]
[Black "Hisleur, Gaelle"]
[Result "0-1"]
[WhiteElo "1870"]
[BlackElo "1880"]
[PlyCount "86"]
[EventDate "2002.02.??"]
[EventType "team"]
[EventRounds "11"]
[EventCountry "FRA"]
[SourceTitle "EXT 2003"]
[Source "ChessBase"]
[SourceDate "2002.11.25"]
[SourceVersion "1"]
[SourceVersionDate "2002.11.25"]
[SourceQuality "1"]
[WhiteTeam "Strasbourg"]
[BlackTeam "Noyon"]
[WhiteTeamCountry "FRA"]
[BlackTeamCountry "FRA"]

1. e4 e6 2. d4 d5 3. Nc3 Nf6 4. e5 Nfd7 5. f4 c5 6. Be3 Nc6 7. Nf3 Qb6 8. Na4 Qa5+ 9. c3 cxd4 10. b4 Qc7 11. Nxd4 Nxd4 12. Bxd4 Be7 13. Bd3 f5 14. g4 Nf8 15. Qf3 Bd7 16. Nc5 Bxc5 17. Bxc5 b6 18. Bd4 g6 19. Rg1 Bc6 20. h4 0-0-0 21. gxf5 gxf5 22. a4 Nd7 23. Qe3 Rhg8 24. Kd2 h5 25. a5 Rg4 26. axb6 Nxb6 27. Qf2 Rdg8 28. Rxg4 Rxg4 29. Be2 Rg7 30. Bxh5 Rh7 31. Be2 Qd8 32. Bxb6 axb6 33. h5 Kb7 34. Ba6+ Kb8 35. Be2 Kb7 36. Qg3 d4 37. Qg6 dxc3+ 38. Kxc3 Rc7 39. Ba6+ Kb8 40. Kb2 Qd4+ 41. Ka2 Bd5+ 42. Bc4 Bxc4+ 43. Kb1 Bd3+ 0-1

[Event "FRA-chT2"]
[Site "France"]
[Date "2001.11.17"]
[Round "2"]
[White "Clofullia, Angelique"]
[Black "Hisleur, Gaelle"]
[Result "1-0"]
[WhiteElo "1930"]
[BlackElo "1860"]
[PlyCount "35"]
[EventDate "2002.??.??"]
[EventType "team"]
[EventRounds "11"]
[EventCountry "FRA"]
[SourceTitle "EXT 2003"]
[Source "ChessBase"]
[SourceDate "2002.11.25"]
[SourceVersion "1"]
[SourceVersionDate "2002.11.25"]
[SourceQuality "1"]

1. d4 Nf6 2. Nf3 g6 3. c4 Bg7 4. Nc3 d5 5. Bf4 c6 6. e3 0-0 7. h3 Nbd7 8. Bd3 dxc4 9. Bxc4 Nb6 10. Bd3 Nbd5 11. Bh2 Qa5 12. Qd2 Nb4 13. Bc4 Bf5 14. 0-0 b5 15. Be2 Rfd8 16. a3 Nbd5 17. Nxd5 Qxd2 18. Nxf6+ 1-0